[Event "DEM U18 2018"]
[Site "Willingen GER"]
[Date "2018.05.25"]
[Round "8"]
[White "Schlick, Stefan"]
[Black "Zimmer, Luca"]
[Result "1-0"]
[Termination "normal"]
[Board "14"]
[WhiteElo "1970"]
[BlackElo "1633"]
[WhiteClock "00:26:56"]
[BlackClock "00:08:08"]
[PlyCount "111"]
[WhiteFideId "16211332"]
[BlackFideId "12921424"]
[EventCountry "GER"]
[EventRounds "9"]
[EventType "swiss"]
[EventDate "2018.05.19"]

1. d4 {[%clk 1:30:58]} 1... e6 {[%clk 1:30:49]} 2. c4 {[%clk 1:31:15]} 2... Nf6
{[%clk 1:31:12]} 3. Nc3 {[%clk 1:30:49]} 3... Bb4 {[%clk 1:31:32]} 4. Qc2 {
[%clk 1:29:44]} 4... O-O {[%clk 1:30:30]} 5. a3 {[%clk 1:30:08]} 5... Bxc3+ {
[%clk 1:30:53]} 6. Qxc3 {[%clk 1:30:26]} 6... b5 {[%clk 1:30:42]} 7. cxb5 {
[%clk 1:17:24]} 7... c6 {[%clk 1:31:01]} 8. f3 {[%clk 1:11:51]} 8... cxb5 {
[%clk 1:24:02]} 9. e4 {[%clk 1:10:22]} 9... a6 {[%clk 1:20:26]} 10. Bd3 { [%clk
1:07:05]} 10... Bb7 {[%clk 1:10:33]} 11. Ne2 {[%clk 1:07:10]} 11... Nc6 { [%clk
1:00:02]} 12. O-O {[%clk 1:01:27]} 12... Rc8 {[%clk 0:57:42]} 13. Qe1 { [%clk
1:00:33]} 13... Qb6 {[%clk 0:54:02]} 14. Be3 {[%clk 0:58:40]} 14... d5 { [%clk
0:46:13]} 15. Qg3 {[%clk 0:38:10]} 15... Kh8 {[%clk 0:37:43]} 16. Bf2 { [%clk
0:36:47]} 16... Qc7 {[%clk 0:31:54]} 17. e5 {[%clk 0:36:17]} 17... Ng8 { [%clk
0:31:21]} 18. Qh3 {[%clk 0:36:06]} 18... h6 {[%clk 0:29:55]} 19. Nf4 { [%clk
0:33:06]} 19... Nce7 {[%clk 0:26:31]} 20. Qg4 {[%clk 0:31:11]} 20... f5 { [%clk
0:21:47]} 21. exf6 {[%clk 0:29:07]} 21... Nxf6 {[%clk 0:21:50]} 22. Qg3 { [%clk
0:26:51]} 22... Ne4 {[%clk 0:18:35]} 23. Ng6+ {[%clk 0:13:30]} 23... Nxg6
{[%clk 0:18:47]} 24. Qxg6 {[%clk 0:13:43]} 24... Nf6 {[%clk 0:18:53]} 25. Bg3 {
[%clk 0:13:08]} 25... Qf7 {[%clk 0:18:09]} 26. Rfe1 {[%clk 0:13:00]} 26... Qxg6
{[%clk 0:15:21]} 27. Bxg6 {[%clk 0:13:29]} 27... Rc6 {[%clk 0:15:41]} 28. Re2 {
[%clk 0:12:46]} 28... Bc8 {[%clk 0:14:33]} 29. Rae1 {[%clk 0:12:05]} 29... Ng8
{[%clk 0:09:27]} 30. Be5 {[%clk 0:09:09]} 30... Ne7 {[%clk 0:08:59]} 31. Bd3 {
[%clk 0:09:35]} 31... Bd7 {[%clk 0:08:03]} 32. Kf2 {[%clk 0:08:50]} 32... Be8 {
[%clk 0:06:03]} 33. Rc2 {[%clk 0:06:17]} 33... Bf7 {[%clk 0:03:57]} 34. Rec1 {
[%clk 0:05:42]} 34... Rxc2+ {[%clk 0:03:02]} 35. Rxc2 {[%clk 0:05:37]} 35...
Rc8 {[%clk 0:03:11]} 36. a4 {[%clk 0:05:47]} 36... Rxc2+ {[%clk 0:02:21]} 37.
Bxc2 {[%clk 0:06:16]} 37... Nc6 {[%clk 0:02:46]} 38. axb5 {[%clk 0:05:45]}
38... axb5 {[%clk 0:01:56]} 39. Bd3 {[%clk 0:06:11]} 39... Nxe5 {[%clk 0:01:09]
} 40. dxe5 {[%clk 0:06:36]} 40... Be8 {[%clk 0:01:35]} 41. Ke3 {[%clk 0:05:29]}
41... Kg8 {[%clk 0:01:33]} 42. Kd4 {[%clk 0:01:53]} 42... Kf8 {[%clk 0:28:06]}
43. Kc5 {[%clk 0:30:03]} 43... Ke7 {[%clk 0:28:18]} 44. f4 {[%clk 0:28:44]}
44... g6 {[%clk 0:20:45]} 45. g3 {[%clk 0:28:36]} 45... g5 {[%clk 0:16:05]} 46.
b4 {[%clk 0:26:33]} 46... gxf4 {[%clk 0:13:52]} 47. gxf4 {[%clk 0:27:01]} 47...
Bd7 {[%clk 0:12:05]} 48. Bxb5 {[%clk 0:25:58]} 48... Bxb5 {[%clk 0:11:57]} 49.
Kxb5 {[%clk 0:26:55]} 49... Kd7 {[%clk 0:12:38]} 50. Kc5 {[%clk 0:26:51]} 50...
d4 {[%clk 0:08:23]} 51. Kxd4 {[%clk 0:27:13]} 51... Kc6 {[%clk 0:08:48]} 52.
Kc4 {[%clk 0:26:32]} 52... h5 {[%clk 0:07:18]} 53. h4 {[%clk 0:25:55]} 53...
Kb6 {[%clk 0:07:36]} 54. b5 {[%clk 0:26:14]} 54... Kb7 {[%clk 0:07:46]} 55. Kc5
{[%clk 0:26:38]} 55... Kc7 {[%clk 0:08:08]} 56. b6+ {[%clk 0:26:56]} 1-0

[Event "DEM U18 2018"]
[Site "Willingen GER"]
[Date "2018.05.26"]
[Round "9"]
[White "Ewert, Hannes"]
[Black "Reuker, Jari"]
[Result "1-0"]
[Termination "normal"]
[Board "1"]
[WhiteTitle "FM"]
[WhiteElo "2312"]
[BlackElo "2338"]
[WhiteClock "00:11:14"]
[BlackClock "00:03:09"]
[PlyCount "79"]
[WhiteFideId "12961574"]
[BlackFideId "12909300"]
[EventCountry "GER"]
[EventRounds "9"]
[EventType "swiss"]
[EventDate "2018.05.19"]

1. d4 {[%clk 1:30:30]} 1... Nf6 {[%clk 1:30:30]} 2. c4 {[%clk 1:30:30]} 2... e6
{[%clk 1:30:30]} 3. Nf3 {[%clk 1:30:30]} 3... d5 {[%clk 1:30:30]} 4. g3 { [%clk
1:30:30]} 4... Bb4+ {[%clk 1:30:30]} 5. Bd2 {[%clk 1:32:30]} 5... Bd6 { [%clk
1:32:50]} 6. Bg2 {[%clk 1:32:12]} 6... c6 {[%clk 1:32:49]} 7. Qc2 { [%clk
1:31:12]} 7... O-O {[%clk 1:31:56]} 8. O-O {[%clk 1:31:05]} 8... Nbd7 { [%clk
1:31:31]} 9. Rd1 {[%clk 1:28:53]} 9... Ne4 {[%clk 1:31:37]} 10. Nc3 { [%clk
1:26:53]} 10... f5 {[%clk 1:30:58]} 11. Bf4 {[%clk 1:25:01]} 11... Qe7 { [%clk
1:17:46]} 12. Bxd6 {[%clk 1:21:29]} 12... Nxd6 {[%clk 1:14:47]} 13. c5 { [%clk
1:07:26]} 13... Ne4 {[%clk 1:06:07]} 14. e3 {[%clk 1:03:56]} 14... b6 { [%clk
0:55:26]} 15. cxb6 {[%clk 0:54:45]} 15... axb6 {[%clk 0:53:21]} 16. Nxe4 {[%clk
0:40:47]} 16... fxe4 {[%clk 0:52:01]} 17. Qxc6 {[%clk 0:40:53]} 17... exf3
{[%clk 0:33:42]} 18. Qxa8 {[%clk 0:41:16]} 18... fxg2 {[%clk 0:33:41]} 19. Rac1
{[%clk 0:41:28]} 19... Qe8 {[%clk 0:31:21]} 20. Rc7 {[%clk 0:32:40]} 20... b5
{[%clk 0:23:48]} 21. Rdc1 {[%clk 0:29:31]} 21... Qf7 {[%clk 0:18:48]} 22. f4
{[%clk 0:25:31]} 22... Qh5 {[%clk 0:12:12]} 23. Rxc8 {[%clk 0:24:51]} 23... Qe2
{[%clk 0:12:39]} 24. Rxf8+ {[%clk 0:25:07]} 24... Nxf8 {[%clk 0:13:07]} 25. Qa3
{[%clk 0:25:23]} 25... h5 {[%clk 0:12:43]} 26. Qc3 {[%clk 0:24:30]} 26... h4 {
[%clk 0:12:00]} 27. Re1 {[%clk 0:23:42]} 27... Qf3 {[%clk 0:11:46]} 28. e4 {
[%clk 0:22:58]} 28... Qg4 {[%clk 0:08:02]} 29. Kxg2 {[%clk 0:22:31]} 29... dxe4
{[%clk 0:08:15]} 30. Rxe4 {[%clk 0:21:09]} 30... h3+ {[%clk 0:08:15]} 31. Kf2 {
[%clk 0:21:18]} 31... Qf5 {[%clk 0:08:39]} 32. Qf3 {[%clk 0:20:02]} 32... Qd5 {
[%clk 0:08:56]} 33. b3 {[%clk 0:15:26]} 33... Nd7 {[%clk 0:08:43]} 34. Re2 {
[%clk 0:15:22]} 34... Qd6 {[%clk 0:05:10]} 35. Qe4 {[%clk 0:10:47]} 35... Kh8 {
[%clk 0:02:59]} 36. Qxe6 {[%clk 0:10:29]} 36... Qxd4+ {[%clk 0:03:23]} 37. Qe3
{[%clk 0:10:56]} 37... Qd5 {[%clk 0:02:13]} 38. Qe8+ {[%clk 0:11:20]} 38... Nf8
{[%clk 0:02:40]} 39. Qxf8+ {[%clk 0:11:17]} 39... Kh7 {[%clk 0:03:09]} 40. Qb4
{[%clk 0:11:14]} 1-0

[Event "DEM U18 2018"]
[Site "Willingen GER"]
[Date "2018.05.26"]
[Round "9"]
[White "Rieß, Alexander"]
[Black "Parvanyan, Ashot"]
[Result "1/2-1/2"]
[Termination "normal"]
[Board "2"]
[WhiteTitle "FM"]
[BlackTitle "FM"]
[WhiteElo "2279"]
[BlackElo "2413"]
[WhiteClock "00:42:53"]
[BlackClock "00:36:54"]
[PlyCount "41"]
[WhiteFideId "12953326"]
[BlackFideId "13307550"]
[EventCountry "GER"]
[EventRounds "9"]
[EventType "swiss"]
[EventDate "2018.05.19"]

1. d4 {[%clk 1:30:59]} 1... Nf6 {[%clk 1:30:49]} 2. c4 {[%clk 1:31:22]} 2... c5
{[%clk 1:30:58]} 3. d5 {[%clk 1:31:45]} 3... b5 {[%clk 1:31:17]} 4. cxb5 {
[%clk 1:32:03]} 4... a6 {[%clk 1:31:43]} 5. bxa6 {[%clk 1:32:27]} 5... g6 {
[%clk 1:31:55]} 6. Nc3 {[%clk 1:32:40]} 6... Bg7 {[%clk 1:31:54]} 7. Nf3 {
[%clk 1:32:51]} 7... O-O {[%clk 1:32:00]} 8. e4 {[%clk 1:30:04]} 8... Qa5 {
[%clk 1:32:04]} 9. Bd2 {[%clk 1:29:16]} 9... Bxa6 {[%clk 1:30:59]} 10. Be2 {
[%clk 1:27:58]} 10... d6 {[%clk 1:29:27]} 11. a4 {[%clk 1:27:02]} 11... Qb4 {
[%clk 1:09:41]} 12. e5 {[%clk 1:21:44]} 12... Ne4 {[%clk 1:06:33]} 13. exd6 {
[%clk 1:02:21]} 13... exd6 {[%clk 0:57:07]} 14. Bxa6 {[%clk 0:58:53]} 14...
Nxa6 {[%clk 0:56:23]} 15. O-O {[%clk 0:58:12]} 15... Nxc3 {[%clk 0:47:52]} 16.
bxc3 {[%clk 0:53:24]} 16... Qc4 {[%clk 0:47:41]} 17. a5 {[%clk 0:52:07]} 17...
Qxd5 {[%clk 0:43:14]} 18. Qa4 {[%clk 0:50:47]} 18... c4 {[%clk 0:42:26]} 19.
Be3 {[%clk 0:45:10]} 19... Nc5 {[%clk 0:36:36]} 20. Bxc5 {[%clk 0:44:21]} 20...
Qxc5 {[%clk 0:36:54]} 21. a6 {[%clk 0:42:53]} 1/2-1/2

[Event "DEM U18 2018"]
[Site "Willingen GER"]
[Date "2018.05.26"]
[Round "9"]
[White "Lagunow, Raphael"]
[Black "Pallas, Sebastian"]
[Result "1-0"]
[Termination "normal"]
[Board "3"]
[WhiteTitle "FM"]
[WhiteElo "2387"]
[BlackElo "2291"]
[WhiteClock "00:03:58"]
[BlackClock "00:02:37"]
[PlyCount "127"]
[WhiteFideId "24652644"]
[BlackFideId "12905453"]
[EventCountry "GER"]
[EventRounds "9"]
[EventType "swiss"]
[EventDate "2018.05.19"]

1. e4 {[%clk 1:30:57]} 1... c5 {[%clk 1:30:41]} 2. Nc3 {[%clk 1:31:19]} 2... d6
{[%clk 1:29:48]} 3. d4 {[%clk 1:31:43]} 3... cxd4 {[%clk 1:29:41]} 4. Qxd4 {
[%clk 1:32:05]} 4... a6 {[%clk 1:29:17]} 5. b3 {[%clk 1:31:39]} 5... Nc6 {
[%clk 1:29:27]} 6. Qd2 {[%clk 1:32:02]} 6... g6 {[%clk 1:26:16]} 7. Bb2 { [%clk
1:31:46]} 7... Bg7 {[%clk 1:26:23]} 8. O-O-O {[%clk 1:30:45]} 8... Nf6 { [%clk
1:24:58]} 9. f3 {[%clk 1:30:40]} 9... O-O {[%clk 1:17:41]} 10. g4 { [%clk
1:27:37]} 10... Qa5 {[%clk 1:16:38]} 11. Kb1 {[%clk 1:24:29]} 11... Be6 { [%clk
1:05:21]} 12. Nge2 {[%clk 1:19:22]} 12... Rfc8 {[%clk 0:52:28]} 13. Bg2 { [%clk
1:11:30]} 13... Qc5 {[%clk 0:48:16]} 14. g5 {[%clk 1:07:11]} 14... Nh5 { [%clk
0:46:09]} 15. h3 {[%clk 0:59:09]} 15... Qf2 {[%clk 0:44:36]} 16. Rhg1 { [%clk
0:58:26]} 16... Ng3 {[%clk 0:41:39]} 17. Nf4 {[%clk 0:53:28]} 17... Bd4 { [%clk
0:38:29]} 18. Rge1 {[%clk 0:53:25]} 18... b5 {[%clk 0:28:30]} 19. h4 { [%clk
0:42:57]} 19... Qxd2 {[%clk 0:19:10]} 20. Rxd2 {[%clk 0:43:17]} 20... Be5
{[%clk 0:19:01]} 21. Nfd5 {[%clk 0:33:26]} 21... b4 {[%clk 0:17:21]} 22. Na4 {
[%clk 0:32:39]} 22... Bxb2 {[%clk 0:17:34]} 23. Kxb2 {[%clk 0:32:33]} 23...
Rab8 {[%clk 0:17:28]} 24. f4 {[%clk 0:31:50]} 24... Kf8 {[%clk 0:17:11]} 25.
Ndb6 {[%clk 0:30:16]} 25... Rc7 {[%clk 0:16:30]} 26. Bf3 {[%clk 0:21:43]} 26...
Na7 {[%clk 0:09:01]} 27. Rg1 {[%clk 0:20:30]} 27... Nh5 {[%clk 0:09:25]} 28. f5
{[%clk 0:20:23]} 28... Bd7 {[%clk 0:07:46]} 29. Nxd7+ {[%clk 0:15:52]} 29...
Rxd7 {[%clk 0:08:12]} 30. Nc5 {[%clk 0:16:16]} 30... Rdd8 {[%clk 0:08:32]} 31.
Nxa6 {[%clk 0:16:34]} 31... Rb6 {[%clk 0:08:38]} 32. Nc5 {[%clk 0:13:31]} 32...
Nc6 {[%clk 0:06:55]} 33. Nd3 {[%clk 0:11:44]} 33... Ng7 {[%clk 0:06:59]} 34. h5
{[%clk 0:09:40]} 34... Nd4 {[%clk 0:03:41]} 35. Bd1 {[%clk 0:08:40]} 35... gxf5
{[%clk 0:03:46]} 36. h6 {[%clk 0:08:01]} 36... Nge6 {[%clk 0:03:57]} 37. exf5 {
[%clk 0:05:56]} 37... Nxf5 {[%clk 0:04:20]} 38. Bg4 {[%clk 0:03:03]} 38... Nfd4
{[%clk 0:03:55]} 39. Nxb4 {[%clk 0:01:01]} 39... Rxb4 {[%clk 0:03:56]} 40. c3 {
[%clk 0:01:19]} 40... Rb5 {[%clk 0:02:42]} 41. cxd4 {[%clk 0:25:04]} 41... Rxg5
{[%clk 0:32:33]} 42. Rdd1 {[%clk 0:21:15]} 42... f5 {[%clk 0:26:02]} 43. Bf3 {
[%clk 0:20:07]} 43... Rxg1 {[%clk 0:21:48]} 44. Rxg1 {[%clk 0:20:36]} 44...
Nxd4 {[%clk 0:20:41]} 45. Bh5 {[%clk 0:20:26]} 45... Ne6 {[%clk 0:20:28]} 46.
a4 {[%clk 0:16:57]} 46... Nf4 {[%clk 0:13:09]} 47. Bf3 {[%clk 0:16:24]} 47...
e5 {[%clk 0:10:50]} 48. Rg5 {[%clk 0:15:55]} 48... Ke7 {[%clk 0:11:13]} 49.
Rxf5 {[%clk 0:14:59]} 49... Rg8 {[%clk 0:11:29]} 50. a5 {[%clk 0:12:29]} 50...
Ke6 {[%clk 0:11:50]} 51. Be4 {[%clk 0:12:10]} 51... d5 {[%clk 0:12:14]} 52. Bb1
{[%clk 0:11:13]} 52... d4 {[%clk 0:07:35]} 53. Be4 {[%clk 0:07:44]} 53... d3 {
[%clk 0:07:12]} 54. Kc3 {[%clk 0:06:05]} 54... Rc8+ {[%clk 0:06:58]} 55. Kd2 {
[%clk 0:06:33]} 55... Rc2+ {[%clk 0:07:00]} 56. Kd1 {[%clk 0:06:37]} 56... Ra2
{[%clk 0:07:02]} 57. b4 {[%clk 0:04:18]} 57... Nd5 {[%clk 0:07:05]} 58. Bxd3 {
[%clk 0:03:47]} 58... Ne3+ {[%clk 0:07:22]} 59. Kc1 {[%clk 0:03:47]} 59... Nxf5
{[%clk 0:07:48]} 60. Bc4+ {[%clk 0:04:12]} 60... Kd6 {[%clk 0:07:58]} 61. Bxa2
{[%clk 0:04:40]} 61... Nxh6 {[%clk 0:07:54]} 62. b5 {[%clk 0:03:49]} 62... Kc7
{[%clk 0:03:15]} 63. Bd5 {[%clk 0:03:38]} 63... Nf5 {[%clk 0:02:37]} 64. b6+ {
[%clk 0:03:58]} 1-0

[Event "DEM U18 2018"]
[Site "Willingen GER"]
[Date "2018.05.26"]
[Round "9"]
[White "Nothnagel, Marian Can"]
[Black "Mätzkow, Maximilian Paul"]
[Result "1-0"]
[Termination "normal"]
[Board "4"]
[WhiteElo "2317"]
[BlackElo "2171"]
[WhiteClock "00:41:44"]
[BlackClock "00:14:31"]
[PlyCount "61"]
[WhiteFideId "12921530"]
[BlackFideId "24679933"]
[EventCountry "GER"]
[EventRounds "9"]
[EventType "swiss"]
[EventDate "2018.05.19"]

1. e4 {[%clk 1:30:57]} 1... c5 {[%clk 1:30:57]} 2. Nc3 {[%clk 1:31:22]} 2...
Nc6 {[%clk 1:30:35]} 3. Nf3 {[%clk 1:31:46]} 3... e5 {[%clk 1:28:56]} 4. Bc4 {
[%clk 1:32:11]} 4... d6 {[%clk 1:29:05]} 5. d3 {[%clk 1:32:26]} 5... Be7 {
[%clk 1:28:18]} 6. O-O {[%clk 1:32:48]} 6... Nf6 {[%clk 1:27:41]} 7. h3 { [%clk
1:33:11]} 7... O-O {[%clk 1:27:11]} 8. a3 {[%clk 1:32:36]} 8... a6 { [%clk
1:23:32]} 9. Ba2 {[%clk 1:31:04]} 9... Be6 {[%clk 1:17:55]} 10. Nd5 10... Nd4
{[%clk 1:09:16]} 11. Nh2 {[%clk 1:20:38]} 11... Nxd5 {[%clk 1:05:27]} 12. exd5
{[%clk 1:21:02]} 12... Bd7 {[%clk 1:05:37]} 13. f4 {[%clk 1:18:16]} 13... exf4
{[%clk 0:45:59]} 14. Bxf4 {[%clk 1:16:21]} 14... Qb6 {[%clk 0:39:52]} 15. c3
{[%clk 1:10:14]} 15... Nf5 {[%clk 0:39:31]} 16. Qd2 {[%clk 1:10:30]} 16... Nh4
{[%clk 0:37:23]} 17. Be3 {[%clk 1:06:56]} 17... f5 {[%clk 0:25:20]} 18. b4
{[%clk 0:58:28]} 18... f4 {[%clk 0:20:11]} 19. Rxf4 {[%clk 0:52:29]} 19... Rxf4
{[%clk 0:19:57]} 20. bxc5 {[%clk 0:52:52]} 20... Qc7 {[%clk 0:19:25]} 21. Bxf4
{[%clk 0:52:48]} 21... Qxc5+ {[%clk 0:19:37]} 22. d4 {[%clk 0:53:10]} 22...
Qxa3 {[%clk 0:19:10]} 23. Re1 {[%clk 0:46:19]} 23... Bf6 {[%clk 0:18:56]} 24.
Ng4 {[%clk 0:46:38]} 24... Bxg4 {[%clk 0:19:10]} 25. hxg4 {[%clk 0:47:04]}
25... Ng6 {[%clk 0:18:29]} 26. g5 {[%clk 0:41:53]} 26... Be7 {[%clk 0:18:00]}
27. Bb1 {[%clk 0:40:51]} 27... Bf8 {[%clk 0:16:33]} 28. Bxg6 {[%clk 0:40:54]}
28... hxg6 {[%clk 0:17:02]} 29. Qe3 {[%clk 0:41:17]} 29... Qa4 {[%clk 0:14:13]}
30. Qe6+ {[%clk 0:41:22]} 30... Kh7 {[%clk 0:14:31]} 31. Re3 {[%clk 0:41:44]}
1-0

[Event "DEM U18 2018"]
[Site "Willingen GER"]
[Date "2018.05.26"]
[Round "9"]
[White "Buckels, Valentin"]
[Black "Schmidek, Emil"]
[Result "1-0"]
[Termination "normal"]
[Board "5"]
[WhiteTitle "FM"]
[BlackTitle "FM"]
[WhiteElo "2340"]
[BlackElo "2395"]
[WhiteClock "00:55:41"]
[BlackClock "00:11:16"]
[PlyCount "117"]
[WhiteFideId "12942766"]
[BlackFideId "12908150"]
[EventCountry "GER"]
[EventRounds "9"]
[EventType "swiss"]
[EventDate "2018.05.19"]

1. Nf3 {[%clk 1:30:57]} 1... Nf6 {[%clk 1:30:56]} 2. c4 {[%clk 1:31:21]} 2...
g6 {[%clk 1:31:22]} 3. Nc3 {[%clk 1:31:47]} 3... d5 {[%clk 1:31:49]} 4. cxd5 {
[%clk 1:32:12]} 4... Nxd5 {[%clk 1:32:16]} 5. Qc2 {[%clk 1:32:36]} 5... Nb6 {
[%clk 1:29:09]} 6. d4 {[%clk 1:28:43]} 6... Nc6 {[%clk 1:25:16]} 7. e4 { [%clk
1:24:38]} 7... Bg7 {[%clk 1:20:29]} 8. d5 {[%clk 1:15:36]} 8... Nb4 { [%clk
1:06:30]} 9. Qb3 {[%clk 1:14:46]} 9... a5 {[%clk 1:06:14]} 10. a3 { [%clk
1:14:08]} 10... Na6 {[%clk 1:06:19]} 11. Be3 {[%clk 1:14:16]} 11... Nd7 { [%clk
1:04:57]} 12. Bb5 {[%clk 1:11:38]} 12... O-O {[%clk 1:02:45]} 13. O-O { [%clk
1:11:41]} 13... Nf6 {[%clk 0:58:27]} 14. Rad1 {[%clk 1:06:51]} 14... e6 { [%clk
0:39:27]} 15. Bxa6 {[%clk 0:55:20]} 15... Rxa6 {[%clk 0:38:46]} 16. e5 { [%clk
0:47:03]} 16... Ng4 {[%clk 0:23:02]} 17. Bc5 {[%clk 0:45:23]} 17... Nxe5 {[%clk
0:23:18]} 18. Nxe5 {[%clk 0:45:00]} 18... Bxe5 {[%clk 0:23:27]} 19. Bxf8 {[%clk
0:34:22]} 19... Qxf8 {[%clk 0:23:39]} 20. Rfe1 {[%clk 0:33:55]} 20... Rb6
{[%clk 0:06:16]} 21. Qc4 {[%clk 0:31:56]} 21... Bd6 {[%clk 0:06:05]} 22. Re2
{[%clk 0:29:17]} 22... exd5 {[%clk 0:02:04]} 23. Nxd5 {[%clk 0:29:23]} 23...
Be6 {[%clk 0:02:17]} 24. Rxe6 {[%clk 0:26:11]} 24... Rc6 {[%clk 0:02:12]} 25.
Nf6+ {[%clk 0:25:51]} 25... Kg7 {[%clk 0:01:21]} 26. Ne8+ {[%clk 0:25:59]}
26... Kg8 {[%clk 0:01:16]} 27. Nf6+ {[%clk 0:23:00]} 27... Kg7 {[%clk 0:01:32]}
28. Qxc6 {[%clk 0:21:02]} 28... bxc6 {[%clk 0:01:15]} 29. Re8 {[%clk 0:21:30]}
29... Kxf6 {[%clk 0:00:34]} 30. Rxf8 {[%clk 0:21:54]} 30... Bxf8 { [%clk
0:01:01]} 31. Rd8 {[%clk 0:20:38]} 31... Bc5 {[%clk 0:00:55]} 32. g4 { [%clk
0:20:58]} 32... h6 {[%clk 0:00:33]} 33. Kg2 {[%clk 0:21:14]} 33... h5 { [%clk
0:00:33]} 34. gxh5 {[%clk 0:21:08]} 34... gxh5 {[%clk 0:01:02]} 35. Kg3 { [%clk
0:21:09]} 35... Kg6 {[%clk 0:00:42]} 36. Rg8+ {[%clk 0:21:12]} 36... Kf5 {[%clk
0:00:33]} 37. Ra8 {[%clk 0:20:17]} 37... Bb6 {[%clk 0:00:52]} 38. Rh8 { [%clk
0:19:43]} 38... Kg6 {[%clk 0:00:54]} 39. f4 {[%clk 0:19:53]} 39... Bd4 { [%clk
0:00:35]} 40. Ra8 {[%clk 0:20:18]} 40... Bb6 {[%clk 0:00:52]} 41. Kf3 { [%clk
0:20:40]} 41... Kf5 {[%clk 0:19:16]} 42. Rg8 {[%clk 0:50:39]} 42... f6 { [%clk
0:19:14]} 43. Rh8 {[%clk 0:51:03]} 43... Kg6 {[%clk 0:19:40]} 44. Ke4 { [%clk
0:51:20]} 44... Bc5 {[%clk 0:19:37]} 45. Ra8 {[%clk 0:51:23]} 45... f5+ { [%clk
0:19:39]} 46. Kf3 {[%clk 0:51:42]} 46... Bd4 {[%clk 0:18:39]} 47. b3 { [%clk
0:52:03]} 47... Bb6 {[%clk 0:18:29]} 48. h4 {[%clk 0:52:17]} 48... Kg7 { [%clk
0:15:58]} 49. a4 {[%clk 0:52:30]} 49... c5 {[%clk 0:15:48]} 50. Rc8 { [%clk
0:52:41]} 50... Kf7 {[%clk 0:09:59]} 51. Rh8 {[%clk 0:53:01]} 51... Kg6 { [%clk
0:10:27]} 52. Rg8+ {[%clk 0:53:27]} 52... Kf6 {[%clk 0:10:41]} 53. Rg5 { [%clk
0:53:52]} 53... c4 {[%clk 0:11:00]} 54. bxc4 {[%clk 0:54:15]} 54... Bc5 { [%clk
0:10:57]} 55. Rxh5 {[%clk 0:54:39]} 55... Bf8 {[%clk 0:11:19]} 56. Rg5 { [%clk
0:54:57]} 56... Bg7 {[%clk 0:11:12]} 57. h5 {[%clk 0:55:19]} 57... c5 { [%clk
0:11:29]} 58. Kg3 {[%clk 0:55:15]} 58... Bf8 {[%clk 0:11:16]} 59. Rg6+ { [%clk
0:55:41]} 1-0